Statistics for Quick maths

Click here to take the quiz!

General Stats

  • This quiz has been taken 135 times
  • The average score is 8 of 10

Answer Stats

HintAnswer% Correct
27x381
100%
-972
98%
/324
96%
+3660
93%
x6360
92%
-27486
80%
x3258
69%
/2129
55%
+11140
52%
x7980
33%

Score Distribution

Percentile by Number Answered

Percent of People with Each Score

Your Score History

You have not taken this quiz